| 000 | 00835nam a2200265Ia 4500 | ||
|---|---|---|---|
| 003 | OSt | ||
| 005 | 20221221165501.0 | ||
| 008 | 210210b1958 xxu||||| |||| 00| 0 eng d | ||
| 040 | _cAL | ||
| 041 | _aeng | ||
| 082 | _a330/149 | ||
| 100 |
_aJohn Kenneth Galbraith _967388 |
||
| 245 | _aAffluent society | ||
| 260 |
_aMumbai _bAsia Publishing House _c1958 |
||
| 300 |
_axxx,287p. _bHB _c21x14cm. |
||
| 520 | _aA leading economist discusses his theories on social disequilibrium and suggests ways of restoring the economic balance. | ||
| 650 |
_aEconomics and the Tradition of Despair _967389 |
||
| 650 |
_aEconomic Security _967393 |
||
| 650 |
_aMarxian Pall _967394 |
||
| 650 |
_aMonetary Illusion _967395 |
||
| 690 |
_aEconomics _967391 |
||
| 700 |
_aGALBRAITH (John Kenneth) _967392 |
||
| 906 | _a003552 | ||
| 942 |
_2ddc _cBK |
||
| 999 |
_c119280 _d119280 |
||